Организация противотуберкулезных мероприятий среди эпидемиологических актуальных категорий населения (Запись № 764581)
[ простой вид ]
| 000 -МАРКЕР | |
|---|---|
| контрольное поле | 01269nam0a2200265 4500 |
| 001 - ИДЕНТИФИКАТОР ЗАПИСИ | |
| контрольное поле | RU\NLR\bibl\136590 |
| 005 - ИДЕНТИФИКАТОР ВЕРСИИ | |
| контрольное поле | 20260407114149.0 |
| 035 ## - ДРУГИЕ СИСТЕМНЫЕ НОМЕРА | |
| Идентификатор записи | (NLR Aleph) 000133791 |
| 100 ## - ДАННЫЕ ОБЩЕЙ ОБРАБОТКИ | |
| Данные общей обработки | 20010222d1999 |||y0rusy50 ca |
| 101 0# - ЯЗЫК РЕСУРСА | |
| Язык текста, звукозаписи и т.д. | русский |
| 102 ## - СТРАНА ПУБЛИКАЦИИ ИЛИ ПРОИЗВОДСТВА | |
| Страна публикации | Российская Федерация |
| 105 ## - ПОЛЕ КОДИРОВАННЫХ ДАННЫХ: ТЕКСТОВЫЕ МАТЕРИАЛЫ, МОНОГРАФИЧЕСКИЕ | |
| Кодированные данные о монографическом текстовом документе | y ||||||||| |
| 200 1# - ЗАГЛАВИЕ И СВЕДЕНИЯ ОБ ОТВЕТСТВЕННОСТИ | |
| Основное заглавие | Организация противотуберкулезных мероприятий среди эпидемиологических актуальных категорий населения |
| Сведения, относящиеся к заглавию | Метод. рекомендации N° 98/203 |
| Первые сведения об ответственности | М-во здравоохранения Рос. Федерации, С.-Петерб. НИИ фтизиопульмонологии |
| 210 ## - ПУБЛИКАЦИЯ, РАСПРОСТРАНЕНИЕ И ДР. | |
| Место издания, распространения и т.д. | СПб. |
| Имя издателя, распространителя и т. д. | Б.и. |
| Дата издания, распространения и т.д. | 1999 |
| 215 ## - ФИЗИЧЕСКАЯ ХАРАКТЕРИСТИКА | |
| Специфическое обозначение материала и объем | 15 с. |
| Размеры | 20 |
| 606 0# - НАИМЕНОВАНИЕ ТЕМЫ КАК ПРЕДМЕТ | |
| Наименование темы | Группы социального риска |
| Формальный подзаголовок | Методические пособия |
| Тематический подзаголовок | Противотуберкулезная помощь |
| Системный номер авторитетной/нормативной записи | 2196050 |
| Идентификатор авторитетной/нормативной записи | RU\NLR\auth\661319856 |
| 686 ## - ИНДЕКСЫ ДРУГИХ КЛАССИФИКАЦИЙ | |
| Индекс | Р11(2)285.4я8 |
| 686 ## - ИНДЕКСЫ ДРУГИХ КЛАССИФИКАЦИЙ | |
| Индекс | Р54-5я8 |
| 712 02 - НАИМЕНОВАНИЕ ОРГАНИЗАЦИИ - ВТОРИЧНАЯ ОТВЕТСТВЕННОСТЬ | |
| Код отношения | Прочие |
| Начальный элемент ввода | Санкт-Петербургский НИИ фтизиопульмонологии |
| Идентификатор авторитетной/нормативной записи | RU\NLR\AUTH\889946450 |
| Системный номер авторитетной/нормативной записи | 388481 |
| 801 #0 - ИСТОЧНИК ЗАПИСИ | |
| Страна | Российская Федерация |
| Организация | NLR |
| Дата составления | 20010222 |
| Правила каталогизации | PSBO |
| 801 #1 - ИСТОЧНИК ЗАПИСИ | |
| Страна | Российская Федерация |
| Организация | NLR |
| Дата составления | 20010222 |
| 942 ## - ДОПОЛНИТЕЛЬНЫЕ ЭЛЕМЕНТЫ ЗАПИСИ (АБИС) | |
| Тип экземпляра АБИС | Книга |
| 980 ## - КОЛЛЕКЦИЯ | |
| Название коллекции | Национальная библиография |
| Тип экземпляра | Дата поступления | Источник поступления | Библиотека постоянного хранения | Библиотека текущего хранения | Место хранения | Шифр хранения | Штрих-код | Статус экземпляра |
|---|---|---|---|---|---|---|---|---|
| Книга | 22.02.2001 | Контрольный экземпляр из типографии | РНБ (Московский) | РНБ (Московский) | Русский книжный фонд: издания с 1957 года | 2001-4/1129 | 106695 | |
| Книга | 22.02.2001 | Подсобные фонды РНБ | РНБ (Московский) | РНБ (Московский) | Русский книжный фонд: издания с 1957 года | 2001-4/1129 | 106696 |